000 00426nam a2200181Ia 4500
005 20240823054149.0
008 240823s9999||||xx |||||||||||||| ||und||
041 _aENGLISH
082 _A509.2 N3
100 _aEnakshi Chatterjee
245 0 _aMaster Minds
250 _a1st
260 _c1993
_b"Orient Longman,Hydrabad"
500 _aTransfered
650 _aGeneral Studies
_bGeneral
942 _cBK
999 _c225822
_d225822